[Event "USA-ch U20 Girls"]
[Site "Saint Louis"]
[Date "2019.07.14"]
[Round "4"]
[White "Bykovtsev, Agata"]
[Black "Samadashvili, Martha"]
[Result "0-1"]
[WhiteElo "2012"]
[BlackElo "2124"]
[PlyCount "116"]
[EventDate "2019.07.11"]
[EventType "tourn"]
[EventRounds "9"]
[EventCountry "USA"]
[SourceTitle "CBM 191 Extra"]
[Source "ChessBase"]
[SourceDate "2019.09.30"]
[SourceVersion "1"]
[SourceVersionDate "2019.09.30"]
[SourceQuality "1"]

1. e4 c5 2. Nf3 e6 3. d4 cxd4 4. Nxd4 Nc6 5. Nc3 Qc7 6. g3 a6 7. Bg2 d6 8. 0-0 Bd7 9. Re1 Be7 10. Nxc6 Bxc6 11. Qg4 h5 12. Qe2 h4 13. a4 hxg3 14. hxg3 Kf8 15. a5 Bf6 16. Qd3 Ne7 17. Be3 Re8 18. Red1 Nc8 19. b4 g6 20. Ra3 Kg7 21. b5 axb5 22. Nxb5 Qd7 23. c4 Rd8 24. Nd4 Bxd4 25. Bxd4+ e5 26. Be3 Qe6 27. f4 Qg4 28. fxe5 dxe5 29. Qxd8 Rxd8 30. Rxd8 Ne7 31. Bc5 Ng8 32. Bf2 Nf6 33. a6 bxa6 34. Rxa6 Bxe4 35. Bxe4 Nxe4 36. Ra2 Nxf2 37. Rxf2 Qxc4 38. Rd7 Qe6 39. Rb7 e4 40. Kg2 Qd5 41. Re7 Kf8 42. Rfxf7+ Qxf7 43. Rxe4 Qd5 44. Kf3 Kf7 45. Ke3 Qb3+ 46. Kf2 Qc2+ 47. Re2 Qc5+ 48. Kf3 Kf6 49. Re4 Qc3+ 50. Re3 Qc6+ 51. Kf4 Qd6+ 52. Ke4 Qd1 53. Kf4 Qf1+ 54. Rf3 Qc4+ 55. Ke3+ Kg5 56. Rf4 Qc1+ 57. Kf3 Qf1+ 58. Ke3 Qg2 0-1

[Event "USA-ch U20 Girls"]
[Site "Saint Louis"]
[Date "2019.07.11"]
[Round "1"]
[White "Li, Rachael"]
[Black "Bykovtsev, Agata"]
[Result "0-1"]
[WhiteElo "1736"]
[BlackElo "2012"]
[PlyCount "80"]
[EventDate "2019.07.11"]
[EventType "tourn"]
[EventRounds "9"]
[EventCountry "USA"]
[SourceTitle "CBM 191 Extra"]
[Source "ChessBase"]
[SourceDate "2019.09.30"]
[SourceVersion "1"]
[SourceVersionDate "2019.09.30"]
[SourceQuality "1"]

1. a3 Nf6 2. Nf3 d6 3. d4 g6 4. c4 Bg7 5. Nc3 0-0 6. e3 Nbd7 7. Bd3 e5 8. 0-0 Nh5 9. dxe5 dxe5 10. e4 Nc5 11. Bc2 Ne6 12. Qxd8 Rxd8 13. Be3 Nd4 14. Bxd4 exd4 15. Nd5 d3 16. Nxc7 dxc2 17. Nxa8 Bxb2 18. Rae1 Be6 19. Re2 c1Q 20. Rxc1 Bxc1 21. Re1 Bf4 22. g3 Rxa8 23. gxf4 Nxf4 24. c5 Rc8 25. Nd4 Bc4 26. c6 bxc6 27. e5 c5 28. Nf3 Bd5 29. Nd2 c4 30. Nb1 c3 31. Nxc3 Rxc3 32. h4 Rh3 33. f3 Rg3+ 34. Kf2 Rxf3+ 35. Kg1 Rxa3 36. Rb1 Ra2 37. Kf1 Bc4+ 38. Ke1 Ng2+ 39. Kd1 Ne3+ 40. Kc1 Rc2# 0-1

[Event "USA-ch U20 Girls"]
[Site "Saint Louis"]
[Date "2017.07.16"]
[Round "9"]
[White "Feng, Maggie"]
[Black "Bykovtsev, Agata"]
[Result "1/2-1/2"]
[WhiteElo "2304"]
[BlackElo "2045"]
[PlyCount "62"]
[EventDate "2017.07.08"]
[EventType "tourn"]
[EventRounds "9"]
[EventCountry "USA"]
[SourceTitle "CBM 179 Extra"]
[Source "ChessBase"]
[SourceDate "2017.08.23"]
[SourceVersion "1"]
[SourceVersionDate "2017.08.23"]
[SourceQuality "1"]

1. d4 Nf6 2. c4 g6 3. Nf3 Bg7 4. g3 d6 5. Bg2 0-0 6. 0-0 c5 7. Nc3 Nc6 8. d5 Na5 9. Nd2 a6 10. Qc2 Rb8 11. b3 b5 12. Bb2 bxc4 13. bxc4 Bh6 14. f4 e5 15. dxe6 Bxe6 16. Nd5 Rxb2 17. Qxb2 Bg7 18. Qa3 Nxc4 19. Nxc4 Nxd5 20. Rac1 Nb4 21. e4 Bd4+ 22. Kh1 d5 23. Nd2 dxe4 24. Nxe4 Bd5 25. Nxc5 Bxg2+ 26. Kxg2 Qd5+ 27. Qf3 Bxc5 28. Qxd5 Nxd5 29. Rxc5 Ne3+ 30. Kf2 Nxf1 31. Kxf1 Rb8 1/2-1/2

[Event "USA-ch U20 Girls"]
[Site "Manchester"]
[Date "2016.06.29"]
[Round "8"]
[White "Bykovtsev, Agata"]
[Black "Yu, Jennifer R"]
[Result "1-0"]
[WhiteElo "2158"]
[BlackElo "2187"]
[PlyCount "63"]
[EventDate "2016.06.25"]
[EventType "tourn"]
[EventRounds "9"]
[EventCountry "USA"]
[SourceTitle "CBM 173 Extra"]
[Source "ChessBase"]
[SourceDate "2016.08.29"]
[SourceVersion "1"]
[SourceVersionDate "2016.08.29"]
[SourceQuality "1"]

1. e4 c5 2. Nf3 d6 3. Nc3 Nf6 4. d4 cxd4 5. Nxd4 a6 6. Bc4 e6 7. 0-0 b5 8. Bb3 Be7 9. Qf3 Qb6 10. Be3 Qb7 11. Qg3 Nbd7 12. Rad1 b4 13. Nf5 bxc3 14. Nxe7 Qxe4 15. Bd4 Kxe7 16. Rfe1 Qc6 17. Qxg7 Ne5 18. Rxe5 dxe5 19. Bxe5 Ne4 20. Qxh8 Bb7 21. Qg7 cxb2 22. Bxb2 Qc5 23. Bd4 Qf5 24. Bb6 Rc8 25. Qd4 Bd5 26. c4 Nxf2 27. Qxf2 Bxc4 28. Qh4+ Qf6 29. Qxf6+ Kxf6 30. Rc1 Rb8 31. Bc7 Rc8 32. Rxc4 1-0

[Event "USA-ch U20 Girls"]
[Site "Manchester"]
[Date "2016.06.25"]
[Round "1"]
[White "Bykovtsev, Agata"]
[Black "Virkud, Apurva"]
[Result "1/2-1/2"]
[WhiteElo "2158"]
[BlackElo "1913"]
[PlyCount "95"]
[EventDate "2016.06.25"]
[EventType "tourn"]
[EventRounds "9"]
[EventCountry "USA"]
[SourceTitle "CBM 173 Extra"]
[Source "ChessBase"]
[SourceDate "2016.08.29"]
[SourceVersion "1"]
[SourceVersionDate "2016.08.29"]
[SourceQuality "1"]

1. e4 c5 2. Nf3 d6 3. Nc3 Nf6 4. d4 cxd4 5. Nxd4 a6 6. Bc4 e6 7. 0-0 b5 8. Bb3 Be7 9. Qf3 Qc7 10. Qg3 Nc6 11. Nxc6 Qxc6 12. Re1 Bb7 13. a3 0-0 14. Bh6 Ne8 15. Rad1 Kh8 16. Bg5 Bxg5 17. Qxg5 Nf6 18. Rd3 Rad8 19. Qd2 Qc7 20. f3 Rd7 21. Rd1 Rfd8 22. Kh1 Bc6 23. a4 b4 24. Ne2 Qb6 25. Nd4 Bb7 26. c3 bxc3 27. Qxc3 e5 28. Ne2 Bxe4 29. a5 Qa7 30. R3d2 h6 31. Ng3 Bg6 32. Bd5 Rc7 33. Qa3 Qb8 34. Ne4 Bxe4 35. fxe4 Qb5 36. h3 Nxd5 37. Rxd5 Qe2 38. Qf3 Qxf3 39. gxf3 Rcd7 40. Rc1 Rb8 41. Rc6 Rxb2 42. Rxa6 Rc7 43. Raxd6 Rc1+ 44. Rd1 Rcc2 45. a6 Rh2+ 46. Kg1 Rhg2+ 47. Kh1 Rh2+ 48. Kg1 1/2-1/2

[Event "USA-ch (Women)"]
[Site "Saint Louis"]
[Date "2016.04.25"]
[Round "11"]
[White "Foisor, Sabina Francesca"]
[Black "Bykovtsev, Agata"]
[Result "1-0"]
[WhiteElo "2258"]
[BlackElo "2219"]
[PlyCount "97"]
[EventDate "2016.04.14"]
[EventType "tourn"]
[EventRounds "11"]
[EventCountry "USA"]
[EventCategory "2"]
[SourceTitle "CBM 172 Extra"]
[Source "ChessBase"]
[SourceDate "2016.06.21"]
[SourceVersion "1"]
[SourceVersionDate "2016.06.21"]
[SourceQuality "1"]

1. d4 Nf6 2. c4 g6 3. Nc3 Bg7 4. Nf3 d6 5. Bg5 h6 6. Bh4 g5 7. Bg3 Nh5 8. e3 e6 9. Nd2 Nxg3 10. hxg3 Nd7 11. Bd3 Nf6 12. Qe2 Qe7 13. 0-0-0 Bd7 14. Kb1 e5 15. Nde4 0-0-0 16. Nxf6 Qxf6 17. d5 g4 18. Rh5 Rdg8 19. Qc2 Bf8 20. Bf5 Qe7 21. Rdh1 Bxf5 22. Qxf5+ Qd7 23. Ne4 Rg6 24. Kc2 Kd8 25. Qxd7+ Kxd7 26. Rf5 Ke7 27. Kd3 Bg7 28. Nc3 Rc8 29. Rfh5 Rf8 30. e4 Rh8 31. Nd1 Kf6 32. Rf5+ Ke7 33. Ne3 Bf6 34. Rfh5 Kd7 35. b4 b6 36. c5 bxc5 37. bxc5 dxc5 38. Rb1 Be7 39. Nc4 f6 40. Rb7 Ra8 41. Rh1 Rgg8 42. Rxh6 Rgb8 43. Rxb8 Rxb8 44. Rg6 Rb1 45. Rxg4 Ra1 46. f4 Rxa2 47. fxe5 fxe5 48. Nxe5+ Kc8 49. Nc6 1-0

[Event "USA-ch (Women)"]
[Site "Saint Louis"]
[Date "2016.04.22"]
[Round "8"]
[White "Bykovtsev, Agata"]
[Black "Gorti, Akshita"]
[Result "0-1"]
[WhiteElo "2219"]
[BlackElo "2184"]
[PlyCount "78"]
[EventDate "2016.04.14"]
[EventType "tourn"]
[EventRounds "11"]
[EventCountry "USA"]
[EventCategory "2"]
[SourceTitle "CBM 172 Extra"]
[Source "ChessBase"]
[SourceDate "2016.06.21"]
[SourceVersion "1"]
[SourceVersionDate "2016.06.21"]
[SourceQuality "1"]

1. e4 e6 2. d4 d5 3. Nd2 Nf6 4. e5 Nfd7 5. Bd3 c5 6. c3 Nc6 7. Ne2 cxd4 8. cxd4 f6 9. Nf4 Nxd4 10. Qh5+ Ke7 11. Ng6+ hxg6 12. exf6+ Kxf6 13. Qxh8 Kf7 14. 0-0 Nc5 15. Bb1 e5 16. Nb3 Ncxb3 17. axb3 Qf6 18. Be3 Nc6 19. h4 Bf5 20. Bg5 Qe6 21. Bxf5 Qxf5 22. Rac1 Re8 23. Qh7 d4 24. Rc4 e4 25. Rfc1 Bd6 26. Ra1 a5 27. Rac1 Qe5 28. g3 e3 29. f4 Qf5 30. h5 e2 31. Kf2 d3 32. h6 Rg8 33. Rh1 Bb4 34. Rxb4 Nxb4 35. hxg7 Qc5+ 36. Kf3 Qd5+ 37. Kg4 d2 38. f5 Qxf5+ 39. Kh4 d1Q 0-1

[Event "Southwest Class-ch 7th"]
[Site "Dallas"]
[Date "2016.02.15"]
[Round "9"]
[White "Bykovtsev, Agata"]
[Black "Brooks, Curtis"]
[Result "1-0"]
[WhiteElo "2176"]
[BlackElo "2022"]
[PlyCount "104"]
[EventDate "2016.02.11"]
[EventType "swiss"]
[EventRounds "9"]
[EventCountry "USA"]
[SourceTitle "EXT 2018"]
[Source "ChessBase"]
[SourceDate "2017.10.13"]
[SourceVersion "1"]
[SourceVersionDate "2017.10.13"]
[SourceQuality "1"]

1. e4 c5 2. Nf3 d6 3. Nc3 Nf6 4. d4 cxd4 5. Nxd4 g6 6. Bc4 Bg7 7. 0-0 0-0 8. Re1 Nc6 9. Bb3 Na5 10. Bg5 h6 11. Bh4 Nxb3 12. axb3 a6 13. Qd2 Bd7 14. Rad1 Kh7 15. Qe2 Rc8 16. f4 Re8 17. h3 Qa5 18. Rd3 Nh5 19. Qe3 e5 20. Nde2 exf4 21. Nxf4 Nxf4 22. Qxf4 g5 23. Qxd6 Be6 24. b4 Qd8 25. Bg3 Bf8 26. Qe5 Qb6+ 27. Bf2 Qc7 28. Qa5 Qxa5 29. bxa5 Bc5 30. Rb1 Bxf2+ 31. Kxf2 Rc5 32. b4 Rc4 33. Nd5 Rxc2+ 34. Kf3 Kg7 35. Ne3 Ra2 36. Rd6 Rc8 37. Rb6 Rc3 38. Rxb7 Kf6 39. Rb6 Ke5 40. Re1 f5 41. exf5 Bxf5 42. Rxh6 g4+ 43. hxg4 Be4+ 44. Kg3 Rxg2+ 45. Kh4 Rh2+ 46. Kg5 Rxh6 47. Kxh6 Kf4 48. Nf1 Rc7 49. Rxe4+ Kxe4 50. g5 Rb7 51. g6 Rxb4 52. g7 Rb8 1-0

[Event "Southwest Class-ch 7th"]
[Site "Dallas"]
[Date "2016.02.13"]
[Round "5"]
[White "Bykovtsev, Agata"]
[Black "Ruiz Castillo, Joshua Daniel"]
[Result "0-1"]
[WhiteElo "2176"]
[BlackElo "2371"]
[PlyCount "114"]
[EventDate "2016.02.11"]
[EventType "swiss"]
[EventRounds "9"]
[EventCountry "USA"]
[SourceTitle "EXT 2018"]
[Source "ChessBase"]
[SourceDate "2017.10.13"]
[SourceVersion "1"]
[SourceVersionDate "2017.10.13"]
[SourceQuality "1"]

1. e4 e6 2. d4 d5 3. Nc3 Bb4 4. e5 b6 5. Bd2 Qd7 6. a3 Bf8 7. f4 Ne7 8. Nf3 h5 9. Bd3 Ba6 10. Bxa6 Nxa6 11. 0-0 c5 12. Be3 Nf5 13. Bf2 Be7 14. Qd2 Rc8 15. Rad1 Qc6 16. Ne2 g6 17. c3 Qa4 18. Rc1 c4 19. Ng3 Ng7 20. Ng5 Nb8 21. h3 h4 22. Ne2 Nf5 23. Qe1 Nc6 24. Kh2 Rh5 25. Ng1 Bxg5 26. fxg5 Ke7 27. Be3 Qb3 28. Qd2 Nxe3 29. Qxe3 Qxb2 30. Qf4 Rf8 31. Nf3 Ke8 32. Nxh4 Qxa3 33. Ra1 Qe7 34. Nf3 Qb7 35. g4 Rh7 36. h4 Qe7 37. Kg3 Kd8 38. Rh1 Rfh8 39. Qf6 a5 40. Rh2 Kc7 41. Rb2 Qd7 42. h5 Rg8 43. Rh2 Rhg7 44. Rah1 b5 45. hxg6 fxg6 46. Rh8 b4 47. cxb4 axb4 48. Rxg8 Rxg8 49. Rh6 Qe8 50. Nh4 c3 51. Qf1 Kb6 52. Qd3 Ne7 53. Nf3 Qb5 54. Qb1 b3 55. Rh1 c2 56. Qb2 Nc6 57. Ra1 Rf8 0-1

[Event "North American op 25th"]
[Site "Las Vegas"]
[Date "2015.12.27"]
[Round "3"]
[White "Sevillano, Enrico"]
[Black "Bykovtsev, Agata"]
[Result "1/2-1/2"]
[WhiteElo "2470"]
[BlackElo "2214"]
[PlyCount "99"]
[EventDate "2015.12.26"]
[EventType "swiss"]
[EventRounds "9"]
[EventCountry "USA"]
[SourceTitle "CBM 170 Extra"]
[Source "ChessBase"]
[SourceDate "2016.02.25"]
[SourceVersion "1"]
[SourceVersionDate "2016.02.25"]
[SourceQuality "1"]

1. e4 c5 2. c3 d5 3. exd5 Qxd5 4. Nf3 Nf6 5. Na3 a6 6. Be2 Bg4 7. Nc2 Bh5 8. Ne3 Qd8 9. d4 e6 10. Qb3 Nc6 11. 0-0 Be7 12. Rd1 0-0 13. dxc5 Qc7 14. Nf1 Bxc5 15. Be3 Bxe3 16. Nxe3 Ne5 17. Nd4 Bxe2 18. Nxe2 Neg4 19. Nxg4 Nxg4 20. Ng3 Qf4 21. Qb6 h5 22. h3 h4 23. Nf1 Ne5 24. Rd4 Qf6 25. Re1 Ng6 26. Ne3 Rac8 27. Ng4 Qf5 28. Rd2 Qg5 29. Qe3 Qxe3 30. Rxe3 Rfd8 31. Red3 Rxd3 32. Rxd3 Kf8 33. Rd7 Rb8 34. Kf1 Ke8 35. Rc7 Ne7 36. Ne3 Kd8 37. Rc4 Ng6 38. a4 b5 39. axb5 Rxb5 40. Rd4+ Ke7 41. Nc4 e5 42. Rd1 Rc5 43. Ne3 Ke6 44. Ra1 a5 45. b4 axb4 46. cxb4 Rb5 47. Ra6+ Kd7 48. Ra7+ Ke6 49. Ra6+ Kd7 50. Ra7+ 1/2-1/2

[Event "Wch U16 Girls"]
[Site "Porto Carras"]
[Date "2015.10.29"]
[Round "5"]
[White "Kiolbasa, Oliwia"]
[Black "Bykovtsev, Agata"]
[Result "1-0"]
[WhiteElo "2182"]
[BlackElo "2117"]
[PlyCount "65"]
[EventDate "2015.10.25"]
[EventType "swiss"]
[EventRounds "11"]
[EventCountry "GRE"]
[SourceTitle "CBM 169 Extra"]
[Source "ChessBase"]
[SourceDate "2015.12.18"]
[SourceVersion "1"]
[SourceVersionDate "2015.12.18"]
[SourceQuality "1"]

1. e4 c5 2. Nf3 d6 3. d4 cxd4 4. Nxd4 Nf6 5. Nc3 a6 6. f4 e5 7. Nf3 Nbd7 8. a4 Be7 9. Bd3 0-0 10. 0-0 Re8 11. Kh1 b6 12. Qe2 Bb7 13. Nh4 Bf8 14. fxe5 Rxe5 15. Nf5 d5 16. Bf4 Re8 17. Qf2 dxe4 18. Bc4 Ne5 19. Bxe5 Rxe5 20. Rad1 Rxf5 21. Qxf5 Qc8 22. Bd5 Qxf5 23. Rxf5 Nxd5 24. Nxd5 Rc8 25. c3 b5 26. axb5 axb5 27. Re5 Bxd5 28. Rexd5 Be7 29. Rxb5 f6 30. Rd4 Ra8 31. g3 Ra1+ 32. Kg2 e3 33. Re4 1-0

[Event "Wch U16 Girls"]
[Site "Porto Carras"]
[Date "2015.10.26"]
[Round "2"]
[White "Bykovtsev, Agata"]
[Black "Avetisyan, Mariam"]
[Result "1-0"]
[WhiteElo "2117"]
[BlackElo "1936"]
[PlyCount "61"]
[EventDate "2015.10.25"]
[EventType "swiss"]
[EventRounds "11"]
[EventCountry "GRE"]
[SourceTitle "CBM 169 Extra"]
[Source "ChessBase"]
[SourceDate "2015.12.18"]
[SourceVersion "1"]
[SourceVersionDate "2015.12.18"]
[SourceQuality "1"]

1. e4 c6 2. d4 d5 3. Nd2 dxe4 4. Nxe4 Bf5 5. Ng3 Bg6 6. h4 h6 7. Nf3 Nd7 8. Bd3 Bxd3 9. Qxd3 e6 10. Bd2 Ngf6 11. 0-0-0 Be7 12. Qe2 0-0 13. Nf1 Qc7 14. g4 Nxg4 15. Rg1 h5 16. Ne3 Nxe3 17. Qxe3 Bf6 18. Qh6 g6 19. Qxh5 Bg7 20. Qg5 Nf6 21. Bf4 Qd8 22. Be5 Qd5 23. Rd3 Kh7 24. Bxf6 Bh6 25. h5 Bxg5+ 26. Nxg5+ Kh6 27. hxg6 Qf5 28. g7 Rg8 29. Rh3+ Qxh3 30. Nxh3 c5 31. Nf4 1-0

[Event "North American-ch U20 Girls"]
[Site "Kitchener"]
[Date "2015.07.28"]
[Round "5"]
[White "Bykovtsev, Agata"]
[Black "Ding, Kimberly"]
[Result "1-0"]
[WhiteElo "2033"]
[BlackElo "1920"]
[PlyCount "51"]
[EventDate "2015.07.26"]
[EventType "swiss"]
[EventRounds "9"]
[EventCountry "CAN"]
[SourceTitle "EXT 2019"]
[Source "ChessBase"]
[SourceDate "2018.10.10"]
[SourceVersion "1"]
[SourceVersionDate "2018.10.10"]
[SourceQuality "1"]

1. e4 e6 2. d4 d5 3. Nc3 Nf6 4. Bg5 dxe4 5. Nxe4 Be7 6. Bxf6 gxf6 7. Nf3 f5 8. Nc3 c6 9. Qe2 Qd6 10. 0-0-0 b6 11. Ne5 Bf6 12. f4 Bb7 13. Qh5 Qe7 14. g4 fxg4 15. Ne4 b5 16. Nxg4 Nd7 17. Ne5 Rf8 18. Bg2 0-0-0 19. Nxf7 Nb6 20. Nxd8 Rxd8 21. Nxf6 Qxf6 22. Qe5 Rf8 23. Bh3 Kd7 24. Rde1 Qxf4+ 25. Qxf4 Rxf4 26. Rxe6 1-0

[Event "North American-ch U20 Girls"]
[Site "Kitchener"]
[Date "2015.07.28"]
[Round "4"]
[White "Feng, Maggie"]
[Black "Bykovtsev, Agata"]
[Result "1/2-1/2"]
[WhiteElo "2038"]
[BlackElo "2033"]
[PlyCount "158"]
[EventDate "2015.07.26"]
[EventType "swiss"]
[EventRounds "9"]
[EventCountry "CAN"]
[SourceTitle "EXT 2019"]
[Source "ChessBase"]
[SourceDate "2018.10.10"]
[SourceVersion "1"]
[SourceVersionDate "2018.10.10"]
[SourceQuality "1"]

1. d4 Nf6 2. c4 g6 3. Nc3 Bg7 4. e4 d6 5. Be2 0-0 6. g4 e5 7. d5 Na6 8. g5 Ne8 9. h4 f5 10. gxf6 Qxf6 11. Be3 c6 12. Qd2 h6 13. Rh2 Kh7 14. Nf3 Qe7 15. 0-0-0 Nf6 16. Rg1 Nh5 17. Ng5+ hxg5 18. hxg5 Rh8 19. Bxh5 gxh5 20. Rxh5+ Kg8 21. Qd1 Nc7 22. g6 Rxh5 23. Qxh5 Ne8 24. Qh7+ Kf8 25. Bh6 Nf6 26. Bxg7+ Qxg7 27. Qh4 Ke7 28. f4 exf4 29. Qxf4 Ng8 30. Qh4+ Qf6 31. Qh7+ Kf8 32. Kb1 Qf2 33. g7+ Kf7 34. Qh5+ Ke7 35. Qg5+ Qf6 36. Qg2 Bd7 37. Rf1 Qh6 38. Qg3 Re8 39. e5 dxe5 40. Qxe5+ Kd8 41. Qb8+ Ke7 42. Qe5+ Kd8 43. Qb8+ Ke7 44. Qxb7 Qxg7 45. dxc6 Qg6+ 46. Ka1 Qxc6 47. Nd5+ Kd6 48. Qb4+ Qc5 49. Qd2 Re4 50. Qh2+ Re5 51. Rd1 Bg4 52. b4 Qc6 53. Ne7+ Kxe7 54. Qxe5+ Qe6 55. Qxe6+ Bxe6 56. c5 Bd7 57. Kb2 Nf6 58. Rd6 Bb5 59. Kb3 Ne8 60. Rh6 Nc7 61. a4 Be8 62. b5 Nd5 63. Ra6 Kd8 64. Rxa7 Bd7 65. c6 Be6 66. Ka3 Kc8 67. Rh7 Bf5 68. Rh5 Be4 69. a5 Kc7 70. Re5 Bh1 71. Rg5 Kd6 72. Rg6+ Kc5 73. a6 Kxb5 74. a7 Nc7 75. Rg7 Na8 76. c7 Bb7 77. Rh7 Kb6 78. Kb4 Nxc7 79. Rxc7 Kxc7 1/2-1/2

[Event "Pan American-ch U16 Girls"]
[Site "Cali"]
[Date "2015.07.02"]
[Round "8"]
[White "Bykovtsev, Agata"]
[Black "Monroy Garzon, Nataly Alejandra"]
[Result "1-0"]
[WhiteElo "2026"]
[BlackElo "1800"]
[PlyCount "77"]
[EventDate "2015.06.28"]
[EventType "swiss"]
[EventRounds "9"]
[EventCountry "COL"]
[SourceTitle "EXT 2016"]
[Source "ChessBase"]
[SourceDate "2015.10.08"]
[SourceVersion "1"]
[SourceVersionDate "2015.10.08"]
[SourceQuality "1"]

1. e4 c5 2. Nf3 Nc6 3. Nc3 g6 4. Bc4 Bg7 5. 0-0 a6 6. Re1 d6 7. a3 Nf6 8. d4 0-0 9. h3 Rb8 10. Ba2 b5 11. Bg5 h6 12. Bh4 Bb7 13. d5 Na7 14. Nh2 Nd7 15. f4 Nb6 16. Rb1 a5 17. Qd2 b4 18. Nd1 Nb5 19. axb4 axb4 20. Ne3 Ra8 21. Bc4 Nc7 22. Nhg4 Kh7 23. Bd3 Ba6 24. Bxa6 Rxa6 25. Red1 f6 26. Bg3 Nd7 27. Nc4 Nb6 28. Nce3 Nd7 29. h4 Qc8 30. h5 g5 31. Nf5 Nb6 32. Nge3 Qe8 33. fxg5 hxg5 34. Qd3 Ra7 35. e5 Kg8 36. h6 Bh8 37. h7+ Kxh7 38. Nxe7+ Kg7 39. N3f5+ 1-0

[Event "USA-ch U20 Girls"]
[Site "Tulsa"]
[Date "2015.06.26"]
[Round "9"]
[White "Yu, Jennifer R"]
[Black "Bykovtsev, Agata"]
[Result "1-0"]
[WhiteElo "2154"]
[BlackElo "2026"]
[PlyCount "87"]
[EventDate "2015.06.22"]
[EventType "tourn"]
[EventRounds "9"]
[EventCountry "USA"]
[SourceTitle "CBM 167 Extra"]
[Source "ChessBase"]
[SourceDate "2015.09.14"]
[SourceVersion "1"]
[SourceVersionDate "2015.09.14"]
[SourceQuality "1"]

1. c4 Nf6 2. Nc3 g6 3. g3 Bg7 4. Bg2 0-0 5. d4 d6 6. Nf3 c6 7. 0-0 Qa5 8. h3 Be6 9. Qd3 Qa6 10. b3 d5 11. Nd2 dxc4 12. Nxc4 Rd8 13. e3 Nfd7 14. Nb2 Qxd3 15. Nxd3 Bf5 16. Rd1 Bxd3 17. Rxd3 Na6 18. Ba3 e5 19. Rad1 exd4 20. exd4 Nb6 21. Ne4 Nd5 22. Nc5 Ndb4 23. R3d2 Rab8 24. Nxa6 Nxa6 25. d5 cxd5 26. Rxd5 Rxd5 27. Rxd5 Nc7 28. Rd7 Nb5 29. Bb4 b6 30. Bd5 a5 31. Bxf7+ Kh8 32. Bd2 Nc3 33. a4 Ne4 34. Bf4 Rf8 35. Bc4 g5 36. Be3 Nc5 37. Rd6 Rb8 38. Kg2 h6 39. Rc6 Bf8 40. Bd4+ Kh7 41. Rc7+ Kg6 42. g4 Rd8 43. Bf7+ Kh7 44. Be6+ 1-0

[Event "USA-ch U20 Girls"]
[Site "Tulsa"]
[Date "2015.06.24"]
[Round "4"]
[White "Bykovtsev, Agata"]
[Black "Liao, Simone"]
[Result "1-0"]
[WhiteElo "2026"]
[BlackElo "2075"]
[PlyCount "59"]
[EventDate "2015.06.22"]
[EventType "tourn"]
[EventRounds "9"]
[EventCountry "USA"]
[SourceTitle "CBM 167 Extra"]
[Source "ChessBase"]
[SourceDate "2015.09.14"]
[SourceVersion "1"]
[SourceVersionDate "2015.09.14"]
[SourceQuality "1"]

1. e4 e6 2. d4 d5 3. Nc3 Nf6 4. Bg5 Be7 5. e5 Nfd7 6. h4 Nc6 7. Nf3 a6 8. a3 h6 9. Be3 Ncb8 10. Ne2 c5 11. c3 Nc6 12. Nf4 b5 13. Bd3 cxd4 14. cxd4 Qa5+ 15. Kf1 Qb6 16. Rh3 b4 17. Kg1 bxa3 18. bxa3 Qb2 19. Rg3 Bf8 20. Nh5 g6 21. Nf4 Bxa3 22. Bxg6 fxg6 23. Nxe6 Ra7 24. Rxg6 Ne7 25. Ng7+ Kf7 26. Rg3 Kf8 27. Ne1 Kg8 28. Ne6+ Kf7 29. Rg7+ Kxe6 30. Qg4+ 1-0

[Event "Wch U16 Girls"]
[Site "Durban"]
[Date "2014.09.28"]
[Round "10"]
[White "Egorova, Ayyna"]
[Black "Bykovtsev, Agata"]
[Result "1-0"]
[WhiteElo "1992"]
[BlackElo "2059"]
[PlyCount "81"]
[EventDate "2014.09.20"]
[EventType "swiss"]
[EventRounds "11"]
[EventCountry "RSA"]
[SourceTitle "CBM 162 Extra"]
[Source "ChessBase"]
[SourceDate "2014.10.17"]
[SourceVersion "1"]
[SourceVersionDate "2014.10.17"]
[SourceQuality "1"]

1. e4 c5 2. Nf3 d6 3. d4 cxd4 4. Qxd4 Nc6 5. Bb5 Bd7 6. Bxc6 Bxc6 7. Nc3 Nf6 8. Bg5 e6 9. 0-0-0 Be7 10. Qd3 Qa5 11. h4 h6 12. Bxf6 Bxf6 13. Nd4 0-0 14. f4 Rfd8 15. g4 Bxd4 16. Qxd4 b5 17. g5 h5 18. g6 f6 19. Kb1 b4 20. Ne2 Rac8 21. Ng3 Ba4 22. Rc1 Rc6 23. b3 Bb5 24. Nxh5 Ra6 25. a4 bxa3 26. Nxf6+ gxf6 27. Qxf6 a2+ 28. Ka1 Qc7 29. h5 Qg7 30. e5 Qxf6 31. exf6 Be8 32. Rcg1 Rc8 33. h6 Bxg6 34. Rxg6+ Kf7 35. Rg5 Rb6 36. h7 Rbb8 37. Rh6 Rh8 38. Rg7+ Kf8 39. Rhg6 e5 40. Rg8+ Kf7 41. Rxb8 1-0

[Event "Wch U16 Girls"]
[Site "Durban"]
[Date "2014.09.27"]
[Round "9"]
[White "Bykovtsev, Agata"]
[Black "Vasova, Mariya"]
[Result "1/2-1/2"]
[WhiteElo "2059"]
[BlackElo "1958"]
[PlyCount "114"]
[EventDate "2014.09.20"]
[EventType "swiss"]
[EventRounds "11"]
[EventCountry "RSA"]
[SourceTitle "CBM 162 Extra"]
[Source "ChessBase"]
[SourceDate "2014.10.17"]
[SourceVersion "1"]
[SourceVersionDate "2014.10.17"]
[SourceQuality "1"]

1. e4 c6 2. d4 d5 3. Nd2 g6 4. Ngf3 Bg7 5. c3 dxe4 6. Nxe4 Nd7 7. Bd3 Ngf6 8. 0-0 Nxe4 9. Bxe4 Nf6 10. Bd3 0-0 11. Re1 Bg4 12. h3 Bxf3 13. Qxf3 Qd7 14. Bg5 Rae8 15. Bc4 Nd5 16. Bb3 Bf6 17. Bd2 Qf5 18. Qxf5 gxf5 19. c4 Nc7 20. Bc3 Rd8 21. d5 Bxc3 22. bxc3 e6 23. dxc6 bxc6 24. Ba4 Na8 25. Bxc6 Nb6 26. Bb5 Rc8 27. Rad1 Rc5 28. a4 Rfc8 29. Rd3 Nxc4 30. Red1 Kg7 31. Rd7 R8c7 32. Rxc7 Rxc7 33. Rd7 Rxd7 34. Bxd7 Kf6 35. f4 a6 36. Kf2 Ke7 37. Bc6 Kd6 38. Be8 Ke7 39. Bc6 Kd6 40. Bf3 Nb6 41. a5 Nc4 42. Bb7 Nxa5 43. Bxa6 Kc5 44. Ke3 Nc4+ 45. Kd3 Nb2+ 46. Kc2 Nc4 47. Bb7 h5 48. h4 Ne3+ 49. Kd3 Nd5 50. g3 Nf6 51. Bf3 Ng4 52. Be2 Nf6 53. Ke3 Nd5+ 54. Kd3 Nf6 55. Bf3 Ng4 56. Be2 Nf6 57. Ke3 Nd5+ 1/2-1/2

[Event "Wch U16 Girls"]
[Site "Durban"]
[Date "2014.09.21"]
[Round "3"]
[White "Bykovtsev, Agata"]
[Black "Kafetzi, Angeliki"]
[Result "1-0"]
[WhiteElo "2059"]
[BlackElo "1896"]
[PlyCount "45"]
[EventDate "2014.09.20"]
[EventType "swiss"]
[EventRounds "11"]
[EventCountry "RSA"]
[SourceTitle "CBM 162 Extra"]
[Source "ChessBase"]
[SourceDate "2014.10.17"]
[SourceVersion "1"]
[SourceVersionDate "2014.10.17"]
[SourceQuality "1"]

1. e4 c5 2. Nf3 d6 3. Nc3 Nf6 4. d4 cxd4 5. Nxd4 Nc6 6. Bc4 Bd7 7. 0-0 g6 8. Re1 Bg7 9. Bb3 Nxd4 10. Qxd4 0-0 11. Bg5 Bc6 12. Qd2 Rc8 13. Rad1 Nd7 14. Qf4 Ne5 15. Qh4 Re8 16. f4 Nd7 17. f5 Ne5 18. fxg6 hxg6 19. Re3 Bd7 20. Rxd6 Rxc3 21. Rxc3 Qa5 22. Bxe7 Rxe7 23. Qxe7 1-0